Pre ÚĽUV je štát nielen prínosom, ale i príťažou
Ústredie ľudovej umeleckej výroby (ÚĽUV) má prejsť transformáciou. V priebehu mesiaca má byť známa nová štruktúra štátnej podpory tradičnej výroby. Na pôvodné poslanie ide pre ÚĽUV čoraz menej štátnych prostriedkov. Riziko zániku niektorých remesiel. ÚĽUV si žiada väčšiu samostatnosť.
Na minha lista:
| Autor principal: | |
|---|---|
| Formato: | Capítulo de Livro |
| Idioma: | eslovaco |
| Assuntos: | |
| Tags: |
Sem tags, seja o primeiro a adicionar uma tag!
|
MARC
| LEADER | 00000naa a2200000 4500 | ||
|---|---|---|---|
| 001 | r048050 | ||
| 005 | 20230921114643.2 | ||
| 041 | 0 | |a slo | |
| 044 | |a SK | ||
| 245 | 1 | 0 | |a Pre ÚĽUV je štát nielen prínosom, ale i príťažou |c Martin Jesný |
| 520 | |a Ústredie ľudovej umeleckej výroby (ÚĽUV) má prejsť transformáciou. V priebehu mesiaca má byť známa nová štruktúra štátnej podpory tradičnej výroby. Na pôvodné poslanie ide pre ÚĽUV čoraz menej štátnych prostriedkov. Riziko zániku niektorých remesiel. ÚĽUV si žiada väčšiu samostatnosť. | ||
| 610 | 2 | 0 | |a umenie |
| 610 | 2 | 0 | |a výroba |
| 610 | 2 | 0 | |a remeslá |
| 610 | 2 | 0 | |a transformácia |
| 610 | 2 | 0 | |a podpora podnikania |
| 610 | 2 | 0 | |a podpory |
| 610 | 2 | 0 | |a štát |
| 610 | 2 | 0 | |a samostatnosť podnikov |
| 610 | 2 | 0 | |a ÚĽUV |
| 100 | 1 | |a Jesný, Martin | |